Egy fogalom rekonstrukciója
Elmentve itt :
| Szerző: | |
|---|---|
| Adatforrás: | Philobibl |
| Forrásdokumentuma: | Holmi 4 1992/9., 1259-1263. p. |
| Dokumentumtípus: | Cikk |
| Nyelv: | magyar |
| LEADER | 00277nab a2200097 c 4500 | ||
|---|---|---|---|
| 001 | bibDOK00003689 | ||
| 005 | 20200924115957.2 | ||
| 008 | 060518s1992 hu hun | ||
| 100 | 1 | |a Almási Miklós | |
| 245 | 1 | 4 | |a Egy fogalom rekonstrukciója |c Almási Miklós |
| 773 | 0 | |t Holmi 4 |g 1992/9., 1259-1263. p. | |